Obras Literarias

Guardado en:
Bibliografiske detaljer
Hovedforfatter: Goethe, J. W.
Format: Bog
Sprog:Undetermined
Udgivet: Madrid, España M. Aguilar 1945
Fag:
Tags: Tilføj Tag
Ingen Tags, Vær først til at tagge denne postø!

MARC

LEADER 00000nam a2200000Ia 4500
008 170316s9999 xx 000 0 und d
040 |a cru BVZT 
090 |a 830 G-4o v.2 
100 |a Goethe, J. W. 
245 |a Obras Literarias 
260 |a Madrid, España 
260 |b M. Aguilar 
260 |c 1945 
300 |a 2367 páginas Tomo II. 
650 |a LITERATURA ALEMANA 
999 |c 7335  |d 7335 
942 |c 15 D  |h 830 G-4o v.2  |2 z